000 00942nam a2200253 a 4500
001 000015881
003 DO-SdBNP
005 20211101102229.0
007 ta
008 100222s2004 dr 000 0 spa d
040 _aDO-SdBNP
_bspa
_cBNPHU
082 4 _222
_a342.729302
_bR426c, 2002
110 1 _aRepública Dominicana
_9447
240 1 3 _aConstitución (2002)
245 1 0 _aConstitución de la República :
_bproclamada el 25 de julio del 2002
260 _aSanto Domingo :
_bCPEP,
_c2004.
300 _a109 p., 77 p. ;
_c14 cm.
501 _aPublicado con : Constitución de la República Dominicana proclamada el 25 de julio de 2002 y Constitución política de la República Dominicana 1844
563 _aDos obras encuadernadas juntas con paginación invertida
590 _aInventariado, 2021/BT
650 1 4 _aRepública dominicana
_xConstitución
_935754
910 _aValidado. Control de calidad MFF
942 _2ddc
_cLBS1
999 _c15423
_d15423